La asombrosa excursión de Zamba en las Islas Malvinas /

Zamba viaja hasta 1982, a la Guerra de Malvinas y allí conoce a los soldados que lucharon en esa guerra y aprende el proceso de ocupación por parte de los ingleses, los diferentes reclamos que se hicieron, las causas de la guerra y su contexto dentro de la dictadura.

Guardado en:
Autores Corporativos: El perro en la Luna., Paka Paka.
Otros Autores: Saravia, Alejo; Coordinador general del ciclo.
Formato: Deslizar
Publicado: Argentina, 2012.
Series:La asombrosa excursión de Zamba
Materias:
Acceso en línea:https://www.educ.ar/recursos/104629/la-asombrosa-excursion-de-zamba-en-las-islas-malvinas
Etiquetas: Agregar Etiqueta
Sin Etiquetas, Sea el primero en etiquetar este registro!
LEADER 01334ngm a22003135g 4500
001 CEM.cems023112
008 130507s2012##################0###0#####d
005 20241212163123.0
245 1 0 |a La asombrosa excursión de Zamba en las Islas Malvinas /  |c El perro en la Luna. 
260 |a Argentina,  |c 2012. 
300 |a 20'. 
490 0 |a La asombrosa excursión de Zamba 
500 |a Consultar en ventanilla. 
520 |a Zamba viaja hasta 1982, a la Guerra de Malvinas y allí conoce a los soldados que lucharon en esa guerra y aprende el proceso de ocupación por parte de los ingleses, los diferentes reclamos que se hicieron, las causas de la guerra y su contexto dentro de la dictadura. 
538 |a Soporte: DVD - Color: Si - Grabación DRD 
590 |a Identificación SIABUC: DVD Nº 127 
110 2 |a El perro en la Luna. 
700 1 |a Saravia, Alejo; Coordinador general del ciclo. 
710 2 |a Paka Paka. 
082 9 8 |/ SAR-1 
653 |a HISTORIA 
653 |a HISTORIA ARGENTINA 
653 |a ISLAS MALVINAS 
653 |a MALVINAS 
653 |a GUERRA DE MALVINAS 
653 |a NIVEL PRIMARIO 
653 |a NIVEL SECUNDARIO 
856 |u https://www.educ.ar/recursos/104629/la-asombrosa-excursion-de-zamba-en-las-islas-malvinas 
859 |a CEMS  |b BIB. CEMS - Depto. Recursos Didacticos  |h 982  |i SAR-1  |k DRD  |p 1755.13  |t Ej.1